000 00544nam a2200193Ia 4500
005 20250508163403.0
008 008 250505s9999 xx 000 0 hin d
037 _aTextual
040 _aFEDL
_beng
_cFEDL
041 _ahin
_2eng
084 _a607, WAR
_qFEDL
100 _aWaren Hwa
_9775245
245 0 _aVyavasayik aur takniki shiksha
245 0 _cUNESCO (Paris France)
260 _aNew Delhi, India
_bThamsan Press (India) Limited
_c1967
300 _axv,255p
942 _cTEXL
_h607, WAR
999 _c1382741
_d1382741